| 000 | 00373nam a22001337a 4500 | ||
|---|---|---|---|
| 008 | 180917b xxu||||| |||| 00| 0 eng d | ||
| 020 | _a9781581102239 | ||
| 041 | _aeng | ||
| 080 |
_2ED _a159.9 |
||
| 100 | _a49 | ||
| 101 | _aPSI | ||
| 245 |
_aBright Future Guideline For Health Supervisions Of Infacts Children And Adolescents _cHagan.FJ |
||
| 942 |
_2udc _cBK |
||
| 999 |
_c47827 _d47827 |
||